00353 a2200145 4500003000400000005001700004008004100021020001800062040000900080082001800089100001800107245004100125260003200166300000900198OSt20231223131031.0231223b |||||||| |||| 00| 0 eng d a9789350007211 coclc a891.43bKAL/K aKalia, Mamta  aKAL PARSON KE BARSON /cMamta Kaliia aNew Delhi:bVani Prakashan, a139p